000 00483nam a2200193 a 4500
001 1775555653651
003 YourLibrary
005 20260407152612.0
008 260407s2003##################000#0#eng##
020 _a9781865088945
082 0 4 _a361.3072
_bALS
100 1 _aAlston, Margaret,
_eauthor.
245 1 0 _aResearch for Social Workers :
260 _c2003.
300 _a334 pages
650 0 _aReference.
942 _cENGLISH
040 _aYourLibrary
_beng
_cYourLibrary
999 _c618812
_d618812